A brief history of time (Record no. 603283)
[ view plain ]
| 000 -LEADER | |
|---|---|
| fixed length control field | 00294 a2200109 4500 |
| 001 - CONTROL NUMBER | |
| control field | 38244 |
| 082 ## - DEWEY DECIMAL CLASSIFICATION NUMBER | |
| Classification number | 523.1 |
| Author Mark | HAW 1989 |
| 100 ## - MAIN ENTRY--PERSONAL NAME | |
| Personal name | Hawking, Stephen W. |
| 9 (RLIN) | 118308 |
| 245 ## - TITLE STATEMENT | |
| Title | A brief history of time |
| Statement of responsibility, etc. | Stephen W. Hawking |
| 260 ## - PUBLICATION, DISTRIBUTION, ETC. | |
| Place of publication, distribution, etc. | London |
| Name of publisher, distributor, etc. | Int Bestseller |
| Date of publication, distribution, etc. | 1989 |
| 942 ## - ADDED ENTRY ELEMENTS (KOHA) | |
| Institution code [OBSOLETE] | NUST-CAE |
| Koha item type | Book |
| -- | Book |
| Source of classification or shelving scheme | |
| Withdrawn status | Lost status | Source of classification or shelving scheme | Damaged status | Not for loan | Permanent Location | Current Location | Shelving location | Date acquired | Total Checkouts | Full call number | Barcode | Date last seen | Date last checked out | Price effective from | Koha item type |
|---|---|---|---|---|---|---|---|---|---|---|---|---|---|---|---|
| Centre for International Peace & Stability (CIPS) | Centre for International Peace & Stability (CIPS) | General Stacks | 03/21/2023 | 1 | 523.1 HAW 1988 | CIPSD0000757 | 02/20/2024 | 01/11/2024 | 10/03/2023 | Book |
